|
|
|
|
| LEADER |
01261nam a2200289 a 4500 |
| 001 |
GR-Patra25530 |
| 008 |
040216s2003 nyu e b 001 b eng d |
| 015 |
|
|
|2 GB A3-41258
|
| 020 |
|
|
|a 0071392386
|
| 082 |
|
0 |
|a 611.8
|2 22
|
| 100 |
1 |
|
|a Waxman, Stephen G.
|
| 245 |
1 |
0 |
|a Clinical neuroanatomy /
|c Stephen G. Waxman.
|
| 250 |
|
|
|a 25th ed.
|
| 260 |
|
|
|a New York
|a London :
|b Lange Medical/McGraw-Hill,
|c c2003
|
| 300 |
|
|
|a viii, 389 σ. :
|b εικ.
|
| 490 |
0 |
|
|a A Lange medical book
|
| 500 |
|
|
|a Previous ed. published as: Correlative neuroanatomy, 2000.
|
| 500 |
|
|
|a Παράρτημα Αιγίου. Τμήμα Φυσικοθεραπείας.
|
| 500 |
|
1 |
|a Waxman, Stephen G. Correlative neuroanatomy.
|
| 504 |
|
|
|a Περιλαμβάνει βιβλιογραφίες και ευρετήριο.
|
| 610 |
2 |
4 |
|a Παράρτημα Αιγίου. Τμήμα Φυσικοθεραπείας
|
| 650 |
|
0 |
|a Neuroanatomy
|
| 710 |
0 |
|
|a Lange Medical Books
|
| 942 |
|
|
|2 ddc
|
| 952 |
|
|
|0 0
|1 0
|2 ddc
|4 0
|6 611_800000000000000_WAX
|7 0
|9 307488
|a AIGI
|b AIGI
|c BSC
|d 2021-01-17
|e 24
|f 0
|g 0.00
|l 0
|o 611.8 WAX
|p 92410039877
|r 2021-01-17 00:00:00
|t 1
|w 2021-01-17
|y BK15
|x 20080514 0 1
|x Μεταφορά από 24103
|x GrPaTEI
|
| 971 |
|
|
|a .b26731022
|b 15-04-20
|c 26-09-16
|
| 999 |
|
|
|c 177453
|d 177453
|